000
00381nam a2200133Ia 4500
008
151001s9999||||xx |||||||||||||| ||und||
100
_a
गीता मंगेशकर
245
_a
अजेय
250
_a
1
260
_b
बांदोडकर पब्लिशिंग कंपनी मुंबई
260
_c
1993
300
_a
357
365
_b
18
999
_c
969827
_d
969824